Bidadari hujan

Bibliographic Details
Main Author: Noor Azzahrai (Author)
Format: Book
Language:Malay
Published: Bangi, Selangor : Jemari Seni Publishing 2009
Subjects:

MARC

LEADER 00000cam a2200000 7i4500
001 0000028761
005 20200309.0
008 200219 my may
020 |a 9789675118340 
040 |a INS   |b eng   |e rda 
090 0 0 |a PL5186   |b N66 2009 
100 0 |a Noor Azzahrai ,   |e author 
245 1 0 |a Bidadari hujan   |c Noor Azzahra 
264 1 |a Bangi, Selangor :   |b Jemari Seni Publishing   |c 2009 
264 4 |c ©2009 
300 |a 508 pages ;   |c 19 cm. 
336 |a text  |2 rdacontent 
337 |a unmediated  |2 rdamedia 
338 |a volume  |2 rdacarrier 
650 0 |a Malay fiction 
999 |a 0000024662   |b BOOK   |c Open Shelf   |e Default branch